Jigeesha's general studies handbook for Civil Services (preliminary) examinations (Record no. 90562)

MARC details
000 -LEADER
fixed length control field 00681nam a22001937a 4500
005 - DATE AND TIME OF LATEST TRANSACTION
control field 20151215143319.0
010 ## - LCCN (DPL NO)
LC control number ENG-111413-414
020 ## - INTERNATIONAL STANDARD BOOK NUMBER
International Standard Book Number 9789351433149 (v.1)
Terms of availability 1350.00
020 ## - INTERNATIONAL STANDARD BOOK NUMBER
International Standard Book Number 9789351433156 (v.2)
Terms of availability 1350.00
035 ## - SYSTEM CONTROL NUMBER
System control number EN-94945-946
037 ## - SOURCE OF ACQUISITION
Source of stock number/acquisition DBAD/PUB
082 ## - DEWEY DECIMAL CLASSIFICATION NUMBER
Classification number 000
245 ## - TITLE STATEMENT
Title Jigeesha's general studies handbook for Civil Services (preliminary) examinations
260 ## - PUBLICATION, DISTRIBUTION, ETC. (IMPRINT)
Place of publication, distribution, etc Gurgaon
Name of publisher, distributor, etc Lexis Nexis
Date of publication, distribution, etc (201?)
270 ## - ADDRESS
Address 14th Floor, Building No.10, Tower-B, DLF Cyber City, Phase-II
City Gurgaon
Postal code 122002
300 ## - PHYSICAL DESCRIPTION
Extent 2V. (various pagings; various pagings)
Dimensions 28cm(pbk)
490 ## - SERIES STATEMENT
Series statement CATAPULT test prep series
942 ## - ADDED ENTRY ELEMENTS (KOHA)
Source of classification or shelving scheme Dewey Decimal Classification
Item type English Books
Call number suffix JIG
Classification part 000
Holdings
Withdrawn status Lost status Materials specified (bound volume or other part) Not for loan Collection code Home library Current library Date acquired Source of acquisition Cost, normal purchase price Full call number Barcode Copy number Cost, replacement price Koha item type
    v.1 Not For Loan Non-fiction D.B.Act.Division D.B.Act.Division 06/01/2015 DBAD/PUB 1350.00 000 JIG EN-94945 1 1350.00 English Books
    v.2 Not For Loan Non-fiction D.B.Act.Division D.B.Act.Division 06/01/2015 DBAD/PUB 1350.00 000 JIG EN-94946 1 1350.00 English Books

© Delhi Public Library
Hit Counter
free hit counter